Detalles MARC
| 000 -LIDER |
| fixed length control field |
03278nam a2200325 a 4500 |
| 001 - NÚMERO DE CONTROL |
| Identificador de número de control |
000020108 |
| 003 - IDENTIFICACDOR DE NÚMERO DE CONTROL |
| control field |
DO-SdBNP |
| 005 - DATE AND TIME OF LATEST TRANSACTION |
| control field |
20171009121825.0 |
| 007 - CAMPOS FIJOS DE DESCRIPCIÓN FÍSICA |
| fixed length control field |
000020108 |
| 008 - ELEMENTOS DE LONGITUD FIJA |
| fixed length control field |
100721s1964 dr 000 0 spa d |
| 040 ## - FUENTE DE CATALOGACIÓN |
| Agencia que crea de manera original el registro |
BPMSU |
| Idioma de catalogación |
spa |
| Agencia que realiza la transcripción |
BPMSU |
| 082 04 - NÚMERO DE CLASIFICACIÓN DECIMAL DE DEWEY |
| Classification number |
923.27293 |
| Item number |
M524h |
| 245 00 - MENCIÓN DE TITULO |
| Título |
Homenaje a Mella |
| 260 0# - PUBLICACIÓN, DISTRIBUCIÓN, ETC. (PIE DE IMPRENTA) |
| Lugar de publicación, distribución, etc |
Santo Domingo : |
| Nombre del editor, distribuidor, etc. |
Editora del Caribe, |
| Fecha de publicación, distribución, etc |
1964. |
| 300 ## - DESCRIPCIÓN FÍSICA |
| Extensión |
302 p. ; |
| Dimensiones |
24 cm. |
| 490 1# - MENCIÓN DE SERIES |
| Mención de serie |
Academia Dominicana de la Historia |
| Volume/sequential designation |
18 |
| 500 ## - NOTA GENERAL |
| Nota general |
Incluye índice de personas, lugares y materias |
| 500 ## - NOTA GENERAL |
| Nota general |
Incluye índice de personas, lugares y materias |
| 500 ## - NOTA GENERAL |
| Nota general |
A la cabeza del título : Centenario de la muerte de Mella, 1864-1964 |
| 504 ## - NOTA DE BIBLIOGRAFÍA, ETC. |
| Bibliography, etc |
Incluye referencias bibliográficas y notas al pie de las páginas |
| 505 1# - NOTA DE CONTENIDO |
| Texto normalizado de contenido |
Elogios de Mella. Matías Ramón Mella ; El disparo de Mella ; Mella y Santana / M. de J. Galván ; Duarte y Mella / Emiliano Tejera ; El general Ramón Mella ; De la tradición / C.N. Penson ; Coincidencias / José G. García ; Ramón Mella / E.M. de Hostos ; 27 de Febrero / Carlos Morales Languasco ; En honra de Mella ; Exhumación de los restos de Mella ; Apoteosis del general Ramón Mella ; Traslado de los restos de Mella ; Tributo / A. Malagón ; Programa ; Apoteosis de Mella ; Ramón Mella / Fed. Henríquez y Carvajal ; Oración / Monseñor A.A. Nouel ; Ramón Mella / Rafael Abreu Licairac ; Ramón Mella / Andrés J. Montolío ; Mella en Santiago / Fed. García Godoy ; Mella, Duarte y Sánchez / Joaquín U. Alfau ; Ramón Mella / Gustavo A. Díaz ; El general Mella / Leonidas García ; Matías Ramón Mella / Rufino Martínez ; ¡Siempre Mella! / M. de J. Troncoso de la Concha ; Matías Ramón Mella / Luis Emilio Perelló ; Ramón Mella y Castillo / Rafael Herrera Cabral ; El heroico trabucazo de Mella / Vetilio Alfau Durán ; Mella en Puerto Plata / A. Villanueva Astol ; Noticia biográfica de Mella ; En el día de Mella / E. Rodríguez Demorizi ; Los Mella en la separación y la restauración ; Ildefonso Mella en el destierro ; Centenario de Mella / Max Henríquez Ureña --<br/>Documentos de Mella. Nacimiento de Mella / Alcides García Ll. ; Partida de matrimonio ; Testamento ; Defensa de Santiago / T.S. Heneken ; La misión de Mella en España / A. Angulo Guridi ; La misión de Mella en España ; En la revolución de 1857 ; Mella y la guerra de guerrillas / A. García Ll. ; Mella y la guerra de guerrillas ; Vicepresidente de la república ; Mella, la familia procera / C. Larrazábal Blanco --<br/>Mella en al poesía. El disparo de Mella / Federico Henríquez y Carvajal ; Ramón Mella / R. Emilio Jiménez ; Ramón Mella / Víctor Garrido ; Dos sonetos / A. García Lluberes ; Ramón Mella / Julio A. Piñeyro ; Matías Ramón Mella / Juan B. Lamarche ; Grito de redención / Rafael Emilio Sanabia ; Disparo histórico / Clodomiro Romano ; Matías Ramón Mella / F. Benjamín Guzmán ; Mella / Alvarez Almánzar. |
| 600 14 - ENCABEZAMIENTO DE MATERIA--NOMBRE PERSONAL |
| Nombre personal |
MELLA, MATÍAS RAMÓN, |
| Fechas asociadas con el nombre |
1816-1864 |
| 651 #4 - ENCABEZAMIENTO DE MATERIA--NOMBRE GEOGRÁFICO |
| Nombre geográfico |
REPÚBLICA DOMINICANA |
| Subdivisión de forma |
BIOGRAFÍAS |
| 710 2# - ASIENTO SECUNDARIO -- NOMBRE CORPORATIVO |
| Nombre corporativo o de jurisdicción |
Academia Dominicana de la Historia |
| 830 #0 - ASIENTO SECUNDARIO DE SERIE--TÍTULO UNIFORME |
| Título uniforme |
Academia Dominicana de la Historia |
| Número de la parte o sección de una obra |
18 |
| 910 ## - VALIDACIÓN |
| Validación |
Validado. Control de calidad MFF |
| 942 ## - ADDED ENTRY ELEMENTS (KOHA) |
| Source of classification or shelving scheme |
Dewey Decimal Classification |
| Koha item type |
Libros |
| 945 ## - INFORMACIÓN DE PROCESAMIENTO LOCAL |
| Información de procesamiento local |
Inventariado, 2017/MFF |
| 956 ## - LOCAL ELECTRONIC LOCATION AND ACCESS (OCLC) |
| Nombre de host |
VMATEO |
| Número de acceso |
10 |
| Información de compresión |
20150527 |
| Inicio de sesión |
BPMSU |
| Procesador de solicitud |
0069 |